| 000 | 01389nam a2200361 c 4500 | ||
|---|---|---|---|
| 003 | BLK | ||
| 005 | 20241213133441.0 | ||
| 008 | 180411b bul|||||r ||||||| ||bul|| | ||
| 010 | _aKNG00214959000 | ||
| 020 |
_a978-954-655-770-4 _bиздат.: Бард |
||
| 040 | _aBLK | ||
| 041 |
_aBUL _cBUL |
||
| 072 | 7 |
_2bullib _aН8302 _xФантастика Н |
|
| 080 |
_aАмериканска литература (на САЩ) _b821.111(73) _x-312.9 _z821.111(73)-312.9 |
||
| 100 | 1 |
_aСейгън, Карл _eпърви автор _9119422 |
|
| 700 | 1 |
_aРусинов, Валерий Любенов _9117706 |
|
| 139 |
_aСейгън, Карл _bС 30 |
||
| 245 | 1 | 0 |
_aКонтакт _bРоман _cКарл Сейгън; прев. от англ. Валерий Любенов Русинов. |
| 257 | _aBGR | ||
| 260 |
_аСофия _bБард _c2017 _fСофия : Алианс принт |
||
| 300 |
_a415 с. _c21 см |
||
| 380 | _aX | ||
| 500 | _a1. изд. 1998 в Серия 3000. - Ориг. загл. Contact / Carl Sagan. - За автора. | ||
| 653 | _aфантастика | ||
| 653 | _aромани | ||
| 659 | _aН | ||
| 852 | _aЦб 288560 | ||
| 856 | 4 |
_qpdf _u |
|
| 856 | 4 |
_qpdf _u |
|
| 942 |
_cKNG _n0 _05 |
||
| 944 |
_aCR _c17.12.2017 _lГеновева Генчева _k30560 |
||
| 944 |
_aED _c08.02.2018 _lф / _kЛюдмила_Стоянова |
||
| 999 |
_c205354 _d205354 |
||